000 03525cam a2200301 4500500
005 20260111145841.0
041 _afre
042 _adc
100 1 0 _aPariente-Butterlin, Isabelle
_eauthor
245 0 0 _aLa juste mesure de la peine : en quête de justice
260 _c2005.
500 _a10
520 _aRésuméD’un point de vue philosophique, la question de la mesure de la peine semble rendre entièrement compte de celle de sa justice. Nous inscrivant pour notre part dans une philosophie du droit pénal, d’un droit qui sanctionne, nous montrerons pour quelles raisons conceptuelles un tel rapprochement s’opère. Nous interrogerons ainsi le rôle joué par la sanction, sa justesse et sa mise en scène institutionnelle dans les sociétés de droit : l’État apparaît seul garant d’une mesure objective de la peine qui évite les emportements passionnels des individus. Dans un tel contexte, la victime ne peut se faire justice, la vengeance se voit refusée. La mesure de la sanction s’oppose à la démesure de la violence dont elle vient contrarier le mouvement. La sanction elle-même est la face visible du droit, un des leviers qui contribuent à asseoir la force normative de la loi. Prouver au condamné la justesse de ce qui lui est infligé, n’est-ce pas le réinscrire dans l’ordre social ?
520 _aFrom a philosophical point of view, the question of the fair measure of the punishment is related to that of justice. Considering the philosophy of criminal law, a law that sanctions, we explain the conceptual reasons of such a relation. We examine the role of punishment, its fairness and institutional staging in societies under the rule of law : the State appears to be the only guarantor for an objective measure of the punishment that prevents individuals from passionate anger. In such a context, the victim cannot take revenge because revenge is not allowed. The measure of the punishment acts against excessive violence. The punishment itself is the visible side of law and contributes to assure its normative force. Is not proving the fairness of the punishment reinserting the victim into social order ?
520 _aZusammenfassungPhilosophisch gesehen hängt die Frage des gerechten Ermessens der Strafe mit derjenigen der Gerechtigkeit zusammen. Im Rahmen der Philosophie des Strafrechts erklären wir die begrifflichen Gründe eines solchen Zusammenhangs. Wir untersuchen die Rolle der Strafe, ihrer Gerechtigkeit und Inszenierung in Rechtsgesellschaften : der Staat erscheint als der einzige, der sich für ein objektives Ermessen der Strafe verbürgt und den Individuen leidenschaftliche Zornesausbrüche vermeidet. In einem solchen Kontext kann das Opfer sich selbst Recht nicht verschaffen, da die Rache nicht erlaubt ist. Das Ermessen der Strafe wirkt der Masslosigkeit der Gewalttätigkeit entgegen. Die Strafe selbst ist die sichtbare Seite des Rechts, die dazu beiträgt, seine normartive Gewalt zu sichern. Ist nicht das Beweisen der gerechten Strafe eine Resozialisierung des Opfers ?
690 _aajustement
690 _adroit pénal
690 _ajustice
690 _asanction
690 _avengeance
690 _acriminal law
690 _ajustice
690 _ameasure
690 _apunishment
690 _avengeance
786 0 _nEthnologie française | 35 | 3 | 2005-09-01 | p. 393-400 | 0046-2616
856 4 1 _uhttps://shs.cairn.info/revue-ethnologie-francaise-2005-3-page-393?lang=fr&redirect-ssocas=7080
999 _c1636540
_d1636540